Nuevos fundamentos para el psicoanálisis : la seducción originaria /

Guardado en:
Bibliografiske detaljer
Hovedforfatter: Laplanche, Jean (autor)
Andre forfattere: Bleichmar, Silvia (traducción) (traducción)
Format: Bog
Sprog:spansk
Udgivet: Buenos Aires, Argentina : Amorrortu, 2001, c2001
Serier:(Biblioteca de Psicología y Psicoanálisis Amorrortu)
Fag:
Tags: Tilføj Tag
Ingen Tags, Vær først til at tagge denne postø!

MARC

LEADER 00000nam^a2200000^a^4500
001 000161292
005 20250521000000.0
009 20260310100752.044
020 |a 950-518-503-0 
037 |a Acervo ITESO - Biblioteca 
041 |a ESP 
082 |a 150. 195  |b LAP 
100 |a Laplanche, Jean  |e (autor) 
245 1 0 |a Nuevos fundamentos para el psicoanálisis :  |b la seducción originaria /  |c J. Laplanche ; tr. por S. Bleichmar. 
264 4 |a Buenos Aires, Argentina :  |b Amorrortu,  |c 2001, c2001 
300 |a 164 p. 
336 |a texto  |b txt  |2 rdacontenido 
337 |a sin mediación  |b n  |2 rdamedio 
338 |a volumen  |b nc  |2 rdasoporte 
440 1 |a (Biblioteca de Psicología y Psicoanálisis Amorrortu) 
500 |a Traducción de: Nouveaux fondements pour la psychanalyse. La séduction originaire 
649 |a XX 
650 |a Transferencia (Psicoanálisis) 
650 |a Inconsciente 
650 |a Cortejo y Seducción 
650 |a Sexualidad 
650 |a Psicoanálisis Freudiano -  |x Tema Principal 
650 |a Psicoanálisis -  |x Teoría 
650 |a Psicoanálisis -  |x Tema Principal 
650 |a Psicología 
700 |a Bleichmar, Silvia  |e (traducción) 
910 |a Fondo General 
920 |a Impresos - Libros 
930 |a Colección General 
905 |a 101 
901 |a 0500092622  |b IT1  |c ACC  |u 20250521 
902 |a https://opac.biblio.iteso.mx/vufind/Record/000161292